000 00434nam a22001697a 4500
005 20180810095028.0
008 160630b xxu||||| |||| 00| 0 eng d
020 _a81-219-0599-0
041 _aeng
082 _b19914
_a620.1
100 _aMathur, Prof. D.S. and Hemne, P.S.
_94746
245 _aMachanics
260 _aNew Delhi
_bSultan Chand & Sons,
_c2013
300 _a813p,
650 _aDiploma Engineering
_9817
942 _cBK
999 _c4951
_d4949